| 000 | 00739nam a22002177a 4500 | ||
|---|---|---|---|
| 999 |
_c19652 _d19652 |
||
| 003 | AR-CdUCM | ||
| 008 | 190518b ||||| |||| 00| 0 spa d | ||
| 020 | _a968-16-1533-6 | ||
| 040 |
_aMUNICIPALIDAD PROVINCIAL DEL CUSCO _cBIBLIOTECA MUNICIPAL DEL CUSCO |
||
| 082 |
_a869.1 / _bV16 |
||
| 100 |
_aValadés, Edmundo _94317 |
||
| 245 | _aLa muerte tiene permiso / | ||
| 260 |
_aMéxico : _bFondo de cultura económica, _c1955. |
||
| 300 |
_a134 páginas ; _c22 cm. |
||
| 505 | _aContenido: La muerte tiene permiso -- Estuvo en la guerra -- No como al soñar -- Como un animal, como un hombre ... | ||
| 650 |
_aMuerte _92924 |
||
| 650 |
_aPsicología _91538 |
||
| 650 |
_aHombre _9838 |
||
| 942 |
_2ddc _cLIBROS |
||
| 945 |
_arah _d2019-05-18 |
||